Child growth and development (Record no. 250266)
[ view plain ]
| 000 -LEADER | |
|---|---|
| fixed length control field | 00880cam a2200289 4500 |
| 001 - CONTROL NUMBER | |
| control field | 1541177 |
| 003 - CONTROL NUMBER IDENTIFIER | |
| control field | OSt |
| 005 - DATE AND TIME OF LATEST TRANSACTION | |
| control field | 20151007161631.0 |
| 008 - FIXED-LENGTH DATA ELEMENTS--GENERAL INFORMATION | |
| fixed length control field | 721213s1949 nyua b 001 0 eng |
| 010 ## - LIBRARY OF CONGRESS CONTROL NUMBER | |
| LC control number | 49007397 |
| 035 ## - SYSTEM CONTROL NUMBER | |
| System control number | (OCoLC)ocm00514272 |
| System control number | (NNC)1541177 |
| 040 ## - CATALOGING SOURCE | |
| Original cataloging agency | DLC |
| Transcribing agency | CSU |
| Modifying agency | IAY |
| 050 0# - LIBRARY OF CONGRESS CALL NUMBER | |
| Classification number | HQ769 |
| Item number | .H93 |
| 082 ## - DEWEY DECIMAL CLASSIFICATION NUMBER | |
| Classification number | 649.1 |
| 100 1# - MAIN ENTRY--PERSONAL NAME | |
| Personal name | Hurlock, Elizabeth B. |
| Fuller form of name | (Elizabeth Bergner), |
| Dates associated with a name | 1898-1988. |
| 245 10 - TITLE STATEMENT | |
| Title | Child growth and development |
| Statement of responsibility, etc | [by] Elizabeth B. Hurlock. |
| 260 ## - PUBLICATION, DISTRIBUTION, ETC. (IMPRINT) | |
| Place of publication, distribution, etc | New York, |
| Name of publisher, distributor, etc | McGraw-Hill |
| Date of publication, distribution, etc | [1949] |
| 300 ## - PHYSICAL DESCRIPTION | |
| Extent | x, 374 p. |
| Other physical details | illus. |
| Dimensions | 21 cm. |
| 490 1# - SERIES STATEMENT | |
| Series statement | McGraw-Hill American home and family series |
| 504 ## - BIBLIOGRAPHY, ETC. NOTE | |
| Bibliography, etc | Bibliography: p. 355-359. "List of visual aids": p.361-368. |
| 650 #0 - SUBJECT ADDED ENTRY--TOPICAL TERM | |
| Topical term or geographic name as entry element | Child rearing. |
| 830 #0 - SERIES ADDED ENTRY--UNIFORM TITLE | |
| Uniform title | McGraw-Hill American home and family series. |
| 942 ## - ADDED ENTRY ELEMENTS (KOHA) | |
| Source of classification or shelving scheme | Library of Congress Classification |
| Koha item type | Long Loan Books |
| Withdrawn status | Lost status | Source of classification or shelving scheme | Damaged status | Not for loan | Collection code | Home library | Current library | Shelving location | Date acquired | Total Checkouts | Full call number | Barcode | Date last seen | Price effective from | Koha item type |
|---|---|---|---|---|---|---|---|---|---|---|---|---|---|---|---|
| Library of Congress Classification | Non-fiction | Rongo University Library | Rongo University Library | General Stacks | 07/10/2015 | HQ769 .H93 1978 | 20087946 | 07/10/2015 | 07/10/2015 | Long Loan Books |
